The Fluoride Deception (Record no. 335109)
[ view plain ]
| 000 -LEADER | |
|---|---|
| fixed length control field | 00528nam a2200097Ia 4500 |
| 008 - FIXED-LENGTH DATA ELEMENTS--GENERAL INFORMATION | |
| fixed length control field | 170517s9999 xx 000 0 und d |
| 245 #4 - TITLE STATEMENT | |
| Title | The Fluoride Deception |
| 300 ## - PHYSICAL DESCRIPTION | |
| Extent | Hailed as a harmless chemical that would prevent tooth decay, new evidence shows how fluoride could be linked to serious health problems. Fluoridation was first advanced in the US at the end of the second World War. Proponents argued that fluoride in water and... |
| 650 ## - SUBJECT ADDED ENTRY--TOPICAL TERM | |
| General subdivision | Technology. |
| 856 ## - ELECTRONIC LOCATION AND ACCESS | |
| Uniform Resource Identifier | <a href="http://topdocumentaryfilms.com/the-fluoride-deception/">http://topdocumentaryfilms.com/the-fluoride-deception/</a> |
| Withdrawn status | Lost status | Damaged status | Home library | Current library | Date acquired | Total Checkouts | Date last seen | Price effective from | Koha item type |
|---|---|---|---|---|---|---|---|---|---|
| College Library | College Library | 05/17/2017 | 05/17/2017 | 05/17/2017 | Documentary Films |